[Event "XXI Autunno Scacchitico Veneziano Magistrale"]
[Site "Venezia ITA"]
[Date "2014.11.01"]
[Round "2"]
[White "Barp, Alberto"]
[Black "Mrdja, Milan"]
[WhiteElo "2183"]
[BlackElo "2386"]
[Result "1/2-1/2"]
[PlyCount "70"]
[EventDate "2014.10.31"]

1. d4 g6 2. c4 Bg7 3. e4 c5 4. d5 d6 5. Nc3 a6 6. Nge2 Nf6 7. Ng3 O-O 8. Be2 e6
9. a4 exd5 10. cxd5 Re8 11. O-O h5 12. Bg5 Qc7 13. Qd2 Nh7 14. Bh6 Bd4 15. Bd3
Nd7 16. Be3 Bg7 17. f4 h4 18. Nh1 Ndf6 19. Nf2 Ng4 20. Nxg4 Bxg4 21. h3 Bd7 22.
Qf2 b5 23. axb5 axb5 24. Rxa8 Rxa8 25. Nxb5 Bxb5 26. Bxb5 Nf6 27. Bc6 Ra2 28.
e5 dxe5 29. fxe5 Qxe5 30. Bxc5 Rxb2 31. Bd4 Rxf2 32. Bxe5 Rxf1+ 33. Kxf1 Ne4
34. Bf4 g5 35. d6 Ng3+ 1/2-1/2

[Event "XXI Autunno Scacchitico Veneziano Magistrale"]
[Site "Venezia ITA"]
[Date "2014.11.01"]
[Round "2"]
[White "Bianchi, Andrea"]
[Black "Omeri, Silvan"]
[WhiteElo "2147"]
[BlackElo "2162"]
[Result "0-1"]
[PlyCount "116"]
[EventDate "2014.10.31"]

1. e4 c5 2. Nf3 d6 3. d4 cxd4 4. Qxd4 a6 5. c4 Nc6 6. Qd2 g6 7. Nc3 Nf6 8. b3
Bg7 9. Bb2 Qa5 10. Rb1 O-O 11. Be2 Bg4 12. O-O Nd7 13. Rfe1 Bxf3 14. Bxf3 Nd4
15. Be2 Ne5 16. Rbd1 Nec6 17. Bf1 e6 18. Ba1 Rad8 19. Ne2 Qxd2 20. Rxd2 Nxe2+
21. Bxe2 Bxa1 22. Rxa1 e5 23. Rad1 Nd4 24. Rxd4 exd4 25. Rxd4 Rfe8 26. Kf1 Re5
27. f4 Ree8 28. Bd3 f6 29. Kf2 g5 30. g3 gxf4 31. gxf4 Kf7 32. Rd5 Rg8 33. Bf1
Rg4 34. Kf3 Rg7 35. Rh5 Rh8 36. Kf2 Rc8 37. Bh3 Rc5 38. Bf5 b5 39. cxb5 axb5
40. Ke3 b4 41. Kd4 Ke7 42. Rxh7 Rxh7 43. Bxh7 Rh5 44. Bg8 f5 45. exf5 Rxf5 46.
Ke4 Rh5 47. f5 Rxh2 48. Kd5 Rxa2 49. f6+ Kxf6 50. Kxd6 Rc2 51. Bh7 Rc3 52. Bg8
Kf5 53. Bd5 Kf4 54. Bc4 Rxc4 55. bxc4 b3 56. c5 b2 57. c6 b1=Q 58. c7 Qf5 0-1

[Event "XXI Autunno Scacchitico Veneziano Magistrale"]
[Site "Venezia ITA"]
[Date "2014.11.01"]
[Round "2"]
[White "Buzzatti, Francesco"]
[Black "Basso, Pier Luigi"]
[WhiteElo "1918"]
[BlackElo "2312"]
[Result "0-1"]
[PlyCount "130"]
[EventDate "2014.10.31"]

1. d4 Nf6 2. Bg5 e6 3. e4 h6 4. Bxf6 Qxf6 5. e5 Qd8 6. Nf3 d5 7. Nbd2 c5 8.
Bb5+ Nc6 9. c3 Qb6 10. Bxc6+ bxc6 11. Qb3 Ba6 12. Qxb6 axb6 13. Nb3 cxd4 14.
cxd4 Bb4+ 15. Nbd2 Kd7 16. a3 Bd3 17. Rc1 Be7 18. Nb3 Rhb8 19. Kd2 Bc4 20. Rc3
b5 21. Nc5+ Bxc5 22. dxc5 b4 23. axb4 Rxb4 24. Rc2 Rab8 25. Ra1 Rxb2 26. Nd4
Rb1 27. Ra7+ R8b7 28. Ra8 Rb8 29. Ra7+ R1b7 30. Rxb7+ Rxb7 31. f4 Kc7 32. f5
exf5 33. Nxf5 Rb5 34. Nxg7 Kd7 35. Nf5 Rxc5 36. Nxh6 Ke6 37. Ke3 Ra5 38. Rf2
Kxe5 39. Nxf7+ Ke6 40. Ng5+ Kd6 41. h4 Bb3 42. Rf6+ Kc5 43. Ne6+ Kc4 44. Nd4 c5
45. Nxb3 Kxb3 46. h5 Kc3 47. h6 d4+ 48. Kf4 d3 49. g4 d2 50. Rd6 Ra4+ 51. Kf5
Rd4 52. Rxd4 cxd4 53. h7 d1=Q 54. h8=Q Qf3+ 55. Kg5 Qd5+ 56. Kg6 Qe4+ 57. Kg5
Kc2 58. Qc8+ Kd1 59. Qf5 Qe3+ 60. Kf6 d3 61. g5 d2 62. g6 Ke1 63. g7 d1=Q 64.
g8=Q Qdd4+ 65. Kf7 Qb3+ 0-1

[Event "XXI Autunno Scacchitico Veneziano Magistrale"]
[Site "Venezia ITA"]
[Date "2014.11.01"]
[Round "2"]
[White "Caprio, Guido"]
[Black "Gromovs, Sergejs"]
[WhiteElo "2412"]
[BlackElo "2243"]
[Result "1-0"]
[PlyCount "85"]
[EventDate "2014.10.31"]

1. d4 d5 2. c4 c6 3. e3 Nf6 4. Nc3 a6 5. Qc2 b5 6. b3 e6 7. Nf3 Bd6 8. Be2 O-O
9. O-O b4 10. Na4 Ne4 11. a3 a5 12. Bd3 f5 13. c5 Bc7 14. Nb6 Bxb6 15. cxb6 Bb7
16. axb4 axb4 17. Rxa8 Bxa8 18. Qa2 Nd7 19. Qa7 Nxb6 20. Ne5 c5 21. Bxe4 dxe4
22. dxc5 Nd5 23. Bb2 f4 24. Bd4 Qg5 25. Qa6 Qf5 26. g4 fxg3 27. hxg3 h5 28. Qa7
h4 29. g4 Qf6 30. f4 g5 31. Nd7 Qf7 32. c6 Bxc6 33. Nxf8 Qxa7 34. Bxa7 Kxf8 35.
fxg5+ Kg7 36. Bd4+ Kg6 37. Rf8 Bb5 38. Rg8+ Kf7 39. Rg7+ Kf8 40. Rh7 Be8 41.
Rh6 Bf7 42. g6 Bg8 43. Rh7 1-0

[Event "XXI Autunno Scacchitico Veneziano Magistrale"]
[Site "Venezia ITA"]
[Date "2014.11.01"]
[Round "2"]
[White "Dappiano, Andrea"]
[Black "Faccia, Sergio"]
[WhiteElo "2211"]
[BlackElo "1998"]
[Result "1-0"]
[PlyCount "61"]
[EventDate "2014.10.31"]

1. e4 e5 2. Bc4 Nc6 3. Nc3 Nf6 4. d3 h6 5. f4 exf4 6. Bxf4 Bb4 7. Nge2 d5 8.
exd5 Nxd5 9. Bxd5 Qxd5 10. O-O Qd8 11. Qe1 Bd6 12. Ng3+ Be6 13. Nf5 Bf8 14. Nb5
Rc8 15. Qe4 g6 16. Nfd4 Bc5 17. Be3 Qd5 18. Qxd5 Bxd5 19. Rae1 O-O 20. Nxc6
Bxe3+ 21. Rxe3 bxc6 22. Nc3 Be6 23. Rf4 Rb8 24. b3 Rb6 25. Ra4 Ra8 26. Ne4 Kf8
27. Nc5 Bc8 28. Rd4 Kg7 29. Rd8 Rb5 30. d4 Bb7 31. Nxb7 1-0

[Event "XXI Autunno Scacchitico Veneziano Magistrale"]
[Site "Venezia ITA"]
[Date "2014.11.01"]
[Round "2"]
[White "Fezza, Davide"]
[Black "Redo, Giorgio"]
[WhiteElo "2106"]
[BlackElo "2078"]
[Result "0-1"]
[PlyCount "90"]
[EventDate "2014.10.31"]

1. e4 c5 2. Nf3 Nc6 3. d4 cxd4 4. Nxd4 Nf6 5. Nc3 e5 6. Ndb5 Bb4 7. Nd6+ Ke7 8.
Nf5+ Kf8 9. Bg5 d5 10. Bxf6 Qxf6 11. Qxd5 Bxf5 12. exf5 Rd8 13. Qe4 Rd4 14. Qe3
Qxf5 15. Bd3 e4 16. Be2 h5 17. O-O Bc5 18. Qh3 Qxh3 19. gxh3 g6 20. Rad1 Kg7
21. Nb5 Rdd8 22. c3 Rhe8 23. b4 Rxd1 24. Rxd1 Bb6 25. Nd6 Re5 26. Nc4 Rg5+ 27.
Kf1 Bc7 28. h4 Rf5 29. Rd7 Bxh2 30. Kg2 b6 31. b5 Ne5 32. Rxa7 Nxc4 33. Bxc4
Be5 34. Be6 Rf4 35. Bd5 Bxc3 36. Rc7 Bd4 37. Rc2 Rxh4 38. Rc4 Rg4+ 39. Kf1 e3
40. f3 Rg1+ 41. Kxg1 e2+ 42. Rxd4 e1=Q+ 43. Kg2 h4 44. f4 Qe2+ 45. Kh1 Qf1+ 0-1

[Event "XXI Autunno Scacchitico Veneziano Magistrale"]
[Site "Venezia ITA"]
[Date "2014.11.01"]
[Round "2"]
[White "Lezzerini, Marco"]
[Black "Gallo, Enrico"]
[WhiteElo "1994"]
[BlackElo "2105"]
[Result "1-0"]
[PlyCount "69"]
[EventDate "2014.10.31"]

1. d4 Nf6 2. c4 c5 3. d5 e6 4. Nc3 exd5 5. cxd5 d6 6. Nf3 g6 7. Qa4+ Nbd7 8.
Bf4 Be7 9. e4 O-O 10. Qc2 Re8 11. Bd3 Nh5 12. Be3 Bf6 13. O-O Nb6 14. Nd2 Bd7
15. a4 Be5 16. a5 Nc8 17. f4 Bg7 18. Nc4 Bh6 19. Qf2 Qe7 20. e5 Qf8 21. exd6 b5
22. Ne5 Rd8 23. g4 c4 24. Bb1 b4 25. Ne2 Nf6 26. g5 Nxd5 27. gxh6 Nxe3 28. Qxe3
Nxd6 29. Qc5 Qxh6 30. Qxd6 Bh3 31. Qf6 Bxf1 32. Qxf7+ Kh8 33. Qf6+ Kg8 34. Qe6+
Kg7 35. Qe7+ 1-0

[Event "XXI Autunno Scacchitico Veneziano Magistrale"]
[Site "Venezia ITA"]
[Date "2014.11.01"]
[Round "2"]
[White "Pitzanti, Matteo"]
[Black "Sbarra, Marco"]
[WhiteElo "2043"]
[BlackElo "2170"]
[Result "0-1"]
[PlyCount "80"]
[EventDate "2014.10.31"]

1. d4 Nf6 2. Nf3 d5 3. e3 g6 4. c4 Bg7 5. Nc3 O-O 6. cxd5 Nxd5 7. Bc4 Nb6 8.
Bb3 c5 9. O-O cxd4 10. exd4 Nc6 11. d5 Na5 12. Re1 Nxb3 13. axb3 Bg4 14. h3
Bxf3 15. Qxf3 Re8 16. Rd1 Nc8 17. Be3 a6 18. h4 Nd6 19. Bd4 Bxd4 20. Rxd4 Qb6
21. Ne2 Nf5 22. Rg4 h5 23. Rg5 Kf8 24. Ra4 e6 25. Nf4 exd5 26. Nxh5 Nd4 27. Qg4
Ne2+ 28. Kf1 Qxb3 29. Qb4+ Qxb4 30. Rxb4 gxh5 31. Rxh5 d4 32. Rh8+ Kg7 33. Rxe8
Rxe8 34. Ke1 b5 35. Kd2 Re6 36. g3 Ng1 37. Rb3 Kf6 38. g4 Re2+ 39. Kd3 Ke5 40.
Rb4 Rxf2 0-1

[Event "XXI Autunno Scacchitico Veneziano Magistrale"]
[Site "Venezia ITA"]
[Date "2014.11.01"]
[Round "2"]
[White "Seletsky, Grigory"]
[Black "Capaliku, Aleks"]
[WhiteElo "2358"]
[BlackElo "2029"]
[Result "1-0"]
[PlyCount "105"]
[EventDate "2014.10.31"]

1. e4 e5 2. Nf3 Nc6 3. Bb5 Nf6 4. d3 Bc5 5. O-O d6 6. c3 O-O 7. h3 Ne7 8. d4
exd4 9. cxd4 Bb6 10. Nc3 c6 11. Bd3 Ng6 12. Be3 Re8 13. Qc2 Bd7 14. Rae1 Nh5
15. Ne2 Nf8 16. Nd2 g6 17. f3 Ng7 18. g4 f5 19. Kg2 d5 20. e5 Qc8 21. g5 Nfe6
22. f4 c5 23. dxc5 Nxc5 24. Nd4 Nge6 25. N2f3 Nxd3 26. Qxd3 Bxd4 27. Nxd4 Nxd4
28. Qxd4 Qc4 29. Rc1 Qxd4 30. Bxd4 Rec8 31. Rxc8+ Rxc8 32. Bxa7 Ra8 33. Bc5
Rxa2 34. Ba3 Kf7 35. Kf3 Bb5 36. e6+ Kxe6 37. Re1+ Kd7 38. Re7+ Kc6 39. Rxh7 d4
40. Rg7 Ra1 41. Rxg6+ Kd5 42. Rd6+ Kc4 43. Kf2 d3 44. g6 Be8 45. g7 Bf7 46. Rd7
Be6 47. Rc7+ Kd4 48. Bb4 b5 49. Bc3+ Kd5 50. Rc8 Rc1 51. g8=Q Bxg8 52. Rxg8 Ke4
53. Re8+ 1-0

[Event "XXI Autunno Scacchitico Veneziano Magistrale"]
[Site "Venezia ITA"]
[Date "2014.11.01"]
[Round "2"]
[White "Seresin, Francesco"]
[Black "Balzan, Alessandro"]
[WhiteElo "2091"]
[BlackElo "1921"]
[Result "1-0"]
[PlyCount "87"]
[EventDate "2014.10.31"]

1. d4 d5 2. c4 c6 3. cxd5 cxd5 4. Nc3 e6 5. Bf4 Bd6 6. Bg3 Nf6 7. e3 O-O 8. Bd3
Nc6 9. Nf3 Bb8 10. Rc1 Re8 11. O-O Bxg3 12. hxg3 e5 13. dxe5 Nxe5 14. Bb5 Bd7
15. Nxe5 Rxe5 16. Qd4 Rh5 17. Bxd7 Qxd7 18. Rfd1 Qf5 19. Qf4 Qg6 20. Ne2 Re8
21. Nd4 Rhe5 22. Rc7 Qh5 23. Nf3 Rf5 24. Qh4 Qg6 25. Rxb7 h6 26. Qa4 Re4 27.
Qxa7 Qh5 28. Rd2 Ng4 29. Nh4 Rc4 30. Rc7 Rxc7 31. Qxc7 Re5 32. Rd4 Re6 33. Qd8+
Kh7 34. Qxd5 Re5 35. Qf3 f5 36. b4 Qg5 37. Nxf5 Rxf5 38. Qxg4 Qf6 39. f3 Re5
40. Qf4 Rf5 41. Qe4 Qg6 42. g4 Rf6 43. Qxg6+ Kxg6 44. b5 1-0

[Event "XXI Autunno Scacchitico Veneziano Magistrale"]
[Site "Venezia ITA"]
[Date "2014.11.01"]
[Round "2"]
[White "Xia, Jie"]
[Black "Sorbera, Giovanni"]
[WhiteElo "2287"]
[BlackElo "2131"]
[Result "1/2-1/2"]
[PlyCount "65"]
[EventDate "2014.10.31"]

1. d4 d5 2. c4 c6 3. Nf3 Nf6 4. Qc2 e6 5. g3 Nbd7 6. Bg2 a6 7. O-O Bd6 8. Nbd2
O-O 9. c5 Bc7 10. e4 e5 11. exd5 cxd5 12. dxe5 Ng4 13. Nb3 Ndxe5 14. Nxe5 Nxe5
15. Rd1 Qf6 16. f4 Nc6 17. Qc3 d4 18. Nxd4 Ba5 19. Qc4 Nxd4 20. Rxd4 Be6 21.
Qd3 Bf5 22. Be4 Bxe4 23. Rxe4 Rad8 24. Qe2 Qc6 25. a3 Rd1+ 26. Qxd1 Qxe4 27. f5
Rd8 28. Qf1 Qd4+ 29. Kg2 Qxc5 30. b4 Qc2+ 31. Qf2 Qe4+ 32. Qf3 Qc2+ 33. Qf2
1/2-1/2

[Event "XXI Autunno Scacchitico Veneziano Magistrale"]
[Site "Venezia ITA"]
[Date "2014.11.01"]
[Round "2"]
[White "Zamengo, Bruno"]
[Black "Vianello, Enrico"]
[WhiteElo "2001"]
[BlackElo "2112"]
[Result "0-1"]
[PlyCount "118"]
[EventDate "2014.10.31"]

1. e4 c5 2. Nf3 e6 3. c4 Nc6 4. Nc3 a6 5. Be2 Nf6 6. O-O Qc7 7. d4 cxd4 8. Nxd4
Bd6 9. g3 Nxd4 10. Qxd4 b6 11. Rd1 Be5 12. Qd3 Bb7 13. Bf3 Rc8 14. b3 b5 15.
Bb2 bxc4 16. bxc4 Qxc4 17. Qe3 Qc5 18. Qd3 Qc4 19. Qe3 Qc5 20. Qd3 Bxc3 21.
Rac1 Qb5 22. Rxc3 Rxc3 23. Qxb5 axb5 24. Bxc3 Bxe4 25. Bxe4 Nxe4 26. Bxg7 Rg8
27. Be5 Rg5 28. f4 Rh5 29. Rd4 Nc3 30. Kg2 Nd5 31. g4 Rh6 32. Kg3 f6 33. Bd6
Rg6 34. Rd3 h5 35. h3 hxg4 36. hxg4 Rh6 37. Ra3 Nb6 38. Ra6 Nc4 39. Ra8+ Kf7
40. Bb4 Rh1 41. Rf8+ Kg7 42. Rd8 Rd1 43. Rb8 Rd5 44. Kf3 Nb2 45. Ke4 Nd3 46.
Bf8+ Kf7 47. f5 Nc5+ 48. Kf4 Nd3+ 49. Ke3 Ne5 50. fxe6+ dxe6 51. Bb4 Nxg4+ 52.
Ke2 Kg6 53. a3 Kf5 54. Rh8 Ke4 55. Re8 e5 56. Rg8 f5 57. Be1 Ne3 58. Rh8 f4 59.
Rh4 Ng2 0-1

[Event "XXI Autunno Scacchitico Veneziano Magistrale"]
[Site "Venezia ITA"]
[Date "2014.11.01"]
[Round "2"]
[White "Zamengo, Fulvio"]
[Black "Benetti, Lorenzo"]
[WhiteElo "2163"]
[BlackElo "1968"]
[Result "1-0"]
[PlyCount "69"]
[EventDate "2014.10.31"]

1. e4 d6 2. d4 Nf6 3. Nc3 g6 4. Nf3 Bg7 5. Be2 O-O 6. O-O b6 7. Re1 Nbd7 8. e5
Ne8 9. Bc4 Nb8 10. Bg5 Nc6 11. Bd5 Bd7 12. exd6 Nxd6 13. Bxc6 Bxc6 14. Bxe7 Qc8
15. Ne5 Bb7 16. Bxf8 Kxf8 17. Qd3 Nf5 18. Rad1 Qd8 19. Ne4 Qe7 20. Ng3 Qg5 21.
Nf3 Qg4 22. d5 Nd6 23. b3 a5 24. c4 a4 25. h3 Qc8 26. Ne4 Nf5 27. b4 Qd7 28. d6
c6 29. Ng3 Nxg3 30. Re7 Qd8 31. fxg3 Ba6 32. b5 cxb5 33. cxb5 Bc8 34. d7 Qxe7
35. d8=Q+ 1-0

[Event "XXI Autunno Scacchitico Veneziano Magistrale"]
[Site "Venezia ITA"]
[Date "2014.11.01"]
[Round "3"]
[White "Balzan, Alessandro"]
[Black "Pitzanti, Matteo"]
[WhiteElo "1921"]
[BlackElo "2043"]
[Result "1/2-1/2"]
[PlyCount "68"]
[EventDate "2014.10.31"]

1. e4 c6 2. d4 d5 3. Nc3 dxe4 4. Nxe4 Bf5 5. Ng3 Bg6 6. Nf3 Nd7 7. Bd3 e6 8. c3
Ngf6 9. O-O Be7 10. Re1 O-O 11. Bxg6 hxg6 12. Be3 Qc7 13. Ne2 Rfd8 14. Qc2 c5
15. dxc5 Nxc5 16. Rad1 Nd5 17. Bd4 b5 18. Nc1 a5 19. Nd3 Nd7 20. Qe2 Bd6 21. g3
Qb7 22. Nfe5 Nxe5 23. Nxe5 Bxe5 24. Qxe5 Nf6 25. Qg5 Rd5 26. Qe3 Qd7 27. Qf3
Rd8 28. Rc1 Ne8 29. Bb6 Ra8 30. Rcd1 Nf6 31. Bd4 Ne8 32. Bb6 Nf6 33. Bd4 Rd8
34. Rc1 Ne8 1/2-1/2

[Event "XXI Autunno Scacchitico Veneziano Magistrale"]
[Site "Venezia ITA"]
[Date "2014.11.01"]
[Round "3"]
[White "Basso, Pier Luigi"]
[Black "Caprio, Guido"]
[WhiteElo "2312"]
[BlackElo "2412"]
[Result "1/2-1/2"]
[PlyCount "26"]
[EventDate "2014.10.31"]

1. e4 c5 2. Nf3 d6 3. Bb5+ Nd7 4. d4 cxd4 5. Qxd4 a6 6. Bxd7+ Bxd7 7. c4 e5 8.
Qd3 b5 9. Nc3 bxc4 10. Qxc4 Be6 11. Qc6+ Bd7 12. Qc4 Be6 13. Qc6+ Bd7 1/2-1/2

[Event "XXI Autunno Scacchitico Veneziano Magistrale"]
[Site "Venezia ITA"]
[Date "2014.11.01"]
[Round "3"]
[White "Sbarra, Marco"]
[Black "Capaliku, Aleks"]
[WhiteElo "2170"]
[BlackElo "2029"]
[Result "1/2-1/2"]
[PlyCount "80"]
[EventDate "2014.10.31"]

1. d4 Nf6 2. c4 e6 3. Nc3 Bb4 4. e3 Ne4 5. Qc2 Bxc3+ 6. bxc3 f5 7. Bd3 Nf6 8.
Ne2 b6 9. f3 d6 10. O-O O-O 11. Ng3 c5 12. d5 g6 13. dxe6 Nc6 14. e4 f4 15.
Bxf4 Bxe6 16. Bg5 Qc7 17. Ne2 Qf7 18. Rfd1 Rad8 19. Nf4 Bxc4 20. Bxc4 Qxc4 21.
Nd5 Nxd5 22. Bxd8 Nxc3 23. Qd3 Ne2+ 24. Kf2 Qxd3 25. Rxd3 Nf4 26. Rxd6 Nxd8 27.
Rad1 Nfe6 28. Rd7 Nc6 29. R7d6 Rd8 30. Ke2 Rxd6 31. Rxd6 c4 32. Ke3 Ncd4 33.
Rxd4 Nxd4 34. Kxd4 b5 35. f4 Kf7 36. a4 a6 37. axb5 axb5 38. g4 h5 39. gxh5
gxh5 40. h4 Ke6 1/2-1/2

[Event "XXI Autunno Scacchitico Veneziano Magistrale"]
[Site "Venezia ITA"]
[Date "2014.11.01"]
[Round "3"]
[White "Faccia, Sergio"]
[Black "Bianchi, Andrea"]
[WhiteElo "1998"]
[BlackElo "2147"]
[Result "0-1"]
[PlyCount "90"]
[EventDate "2014.10.31"]

1. e4 d6 2. d4 Nf6 3. Nc3 e5 4. Nf3 Nbd7 5. dxe5 dxe5 6. Bc4 Bb4 7. O-O O-O 8.
Bg5 c6 9. Ne2 b5 10. Bb3 a5 11. a4 bxa4 12. Bxa4 Qc7 13. c3 Be7 14. Ng3 Nc5 15.
Bc2 Rd8 16. Qe2 Ne6 17. Rad1 Ba6 18. c4 Nxg5 19. Nxg5 h6 20. Nf3 Nd7 21. Nf5
Nc5 22. b3 Kf8 23. Nxe7 Qxe7 24. Rxd8+ Rxd8 25. Rd1 Rd6 26. g3 Bc8 27. Rxd6
Qxd6 28. Qd2 Qxd2 29. Nxd2 Ne6 30. f3 Ke7 31. Kf2 Kd6 32. Ke3 Nd4 33. Bd1 Kc5
34. f4 f6 35. fxe5 fxe5 36. g4 Kb4 37. h3 Kc3 38. Nb1+ Kb2 39. Nd2 Kc1 40. Be2
Kc2 41. Bd3+ Kc3 42. c5 Nxb3 43. Nc4 Nxc5 44. Be2 a4 45. Nxe5 a3 0-1

[Event "XXI Autunno Scacchitico Veneziano Magistrale"]
[Site "Venezia ITA"]
[Date "2014.11.01"]
[Round "3"]
[White "Gallo, Enrico"]
[Black "Benetti, Lorenzo"]
[WhiteElo "2105"]
[BlackElo "1968"]
[Result "1-0"]
[PlyCount "89"]
[EventDate "2014.10.31"]

1. e4 d6 2. d4 Nf6 3. Nc3 g6 4. Bc4 Bg7 5. Qe2 e5 6. dxe5 dxe5 7. Bg5 c6 8. Nf3
Qc7 9. O-O-O O-O 10. h3 b5 11. Bb3 a5 12. a4 b4 13. Nb1 Nbd7 14. Nbd2 Nc5 15.
Qe3 Nxb3+ 16. Nxb3 Re8 17. Nfd2 Ba6 18. Nc5 Nd7 19. Ndb3 Nb6 20. Qf3 Bc4 21.
Kb1 Bf8 22. Be3 Bg7 23. h4 Bxb3 24. cxb3 Rad8 25. h5 Nd7 26. hxg6 hxg6 27. Rxd7
Rxd7 28. Qh3 Rd6 29. Qh7+ Kf8 30. Bh6 Bxh6 31. Qxh6+ Ke7 32. Qg5+ Rf6 33. Rd1
Rd8 34. Rxd8 Qxd8 35. Qxe5+ Kf8 36. Qxf6 Qxf6 37. Nd7+ Ke7 38. Nxf6 Kxf6 39.
Kc2 Ke5 40. Kd3 f6 41. Ke3 f5 42. f4+ Ke6 43. exf5+ gxf5 44. Kd4 Kd6 45. Kc4
1-0

[Event "XXI Autunno Scacchitico Veneziano Magistrale"]
[Site "Venezia ITA"]
[Date "2014.11.01"]
[Round "3"]
[White "Gromovs, Sergejs"]
[Black "Seresin, Francesco"]
[WhiteElo "2243"]
[BlackElo "2091"]
[Result "1-0"]
[PlyCount "65"]
[EventDate "2014.10.31"]

1. d4 f5 2. e4 fxe4 3. Nc3 Nf6 4. Bg5 Nc6 5. d5 Ne5 6. Qd4 Nf7 7. h4 c6 8.
O-O-O Qb6 9. Qd2 d6 10. Bc4 Ne5 11. Bb3 Bg4 12. Re1 O-O-O 13. dxc6 bxc6 14.
Nxe4 Bf5 15. Ng3 Bd7 16. N1e2 c5 17. f4 Nc6 18. Nc3 Na5 19. Bf7 Bc6 20. b3 Qb4
21. Nf5 d5 22. Nxe7+ Bxe7 23. Rxe7 d4 24. Nb1 Qb6 25. f5 Nb7 26. Be6+ Bd7 27.
Rxg7 Bxe6 28. fxe6 Qxe6 29. Re1 Qc6 30. Bxf6 Qxf6 31. Ree7 Qc6 32. Rxb7 Qxb7
33. Rxb7 1-0

[Event "XXI Autunno Scacchitico Veneziano Magistrale"]
[Site "Venezia ITA"]
[Date "2014.11.01"]
[Round "3"]
[White "Lezzerini, Marco"]
[Black "Xia, Jie"]
[WhiteElo "1994"]
[BlackElo "2287"]
[Result "0-1"]
[PlyCount "60"]
[EventDate "2014.10.31"]

1. d4 Nf6 2. c4 d6 3. Nf3 Bg4 4. g3 Bxf3 5. exf3 g6 6. Bg2 c6 7. O-O Bg7 8. Nc3
O-O 9. f4 e6 10. Qb3 Qc7 11. d5 exd5 12. cxd5 c5 13. Re1 a6 14. a4 Nbd7 15. Bf1
Rfe8 16. Bd2 Rxe1 17. Rxe1 Re8 18. Rxe8+ Nxe8 19. Bd3 f5 20. Nd1 Bd4 21. Ne3
Qb6 22. Qc2 Qxb2 23. Qxb2 Bxb2 24. Nc4 Bf6 25. Na5 b6 26. Nc6 Nc7 27. Bc4 b5
28. axb5 axb5 29. Ba2 c4 30. Nb4 Nb6 0-1

[Event "XXI Autunno Scacchitico Veneziano Magistrale"]
[Site "Venezia ITA"]
[Date "2014.11.01"]
[Round "3"]
[White "Mrdja, Milan"]
[Black "Zamengo, Fulvio"]
[WhiteElo "2386"]
[BlackElo "2163"]
[Result "1-0"]
[PlyCount "67"]
[EventDate "2014.10.31"]

1. e4 e6 2. d4 d5 3. Nc3 Bb4 4. e5 c5 5. Bd2 Nh6 6. a3 Bxc3 7. Bxc3 cxd4 8.
Qxd4 Nf5 9. Qf4 Nc6 10. Nf3 Qc7 11. Bd3 O-O 12. g4 Nfe7 13. Qg3 Rd8 14. O-O Ng6
15. Rae1 b6 16. h4 a5 17. h5 Nf8 18. Nd4 Nxd4 19. Bxd4 Ba6 20. Qe3 Bxd3 21.
cxd3 Ra6 22. Rc1 Qb7 23. Rc2 Rc8 24. Rxc8 Qxc8 25. Bxb6 Qb7 26. Bd4 Rc6 27. Kg2
Nd7 28. h6 f6 29. f4 Qc8 30. hxg7 fxe5 31. fxe5 Qe8 32. Qh6 a4 33. Kg3 Rc8 34.
Rh1 1-0

[Event "XXI Autunno Scacchitico Veneziano Magistrale"]
[Site "Venezia ITA"]
[Date "2014.11.01"]
[Round "3"]
[White "Omeri, Silvan"]
[Black "Seletsky, Grigory"]
[WhiteElo "2162"]
[BlackElo "2358"]
[Result "1/2-1/2"]
[PlyCount "119"]
[EventDate "2014.10.31"]

1. c4 c6 2. d4 d5 3. Nc3 Nf6 4. Bg5 e6 5. e3 Be7 6. Bd3 Nbd7 7. Nge2 dxc4 8.
Bxc4 e5 9. O-O O-O 10. Qc2 Ng4 11. Bxe7 Qxe7 12. h3 Ngf6 13. Rad1 Nb6 14. Bb3
Bd7 15. Ne4 Nxe4 16. Qxe4 Rfe8 17. Ng3 Qf6 18. a4 a5 19. Qc2 exd4 20. Rxd4 Be6
21. Bxe6 Qxe6 22. Rfd1 Nd5 23. e4 Nf6 24. f4 g6 25. Qc3 Qe7 26. Qf3 Rad8 27. e5
Rxd4 28. Rxd4 Nd5 29. Ne4 Kg7 30. Nd6 Rf8 31. Rxd5 cxd5 32. Qxd5 f6 33. Qxa5
fxe5 34. fxe5 Qh4 35. Qd2 Qf4 36. Qc3 Qf1+ 37. Kh2 Qf4+ 38. Qg3 g5 39. b3 Qxg3+
40. Kxg3 Rf4 41. Nxb7 Re4 42. Kf3 Rxe5 43. b4 Rf5+ 44. Ke4 Rf4+ 45. Kd5 Rxb4
46. Nc5 Rb2 47. g4 Rh2 48. a5 Rxh3 49. a6 h5 50. gxh5 Ra3 51. Kc6 g4 52. Kb7 g3
53. Ne6+ Kh6 54. Nf4 Kg5 55. Ng2 Rb3+ 56. Kc7 Kxh5 57. a7 Ra3 58. Kb7 Ra2 59.
a8=Q Rxa8 60. Kxa8 1/2-1/2

[Event "XXI Autunno Scacchitico Veneziano Magistrale"]
[Site "Venezia ITA"]
[Date "2014.11.01"]
[Round "3"]
[White "Redo, Giorgio"]
[Black "Dappiano, Andrea"]
[WhiteElo "2078"]
[BlackElo "2211"]
[Result "0-1"]
[PlyCount "86"]
[EventDate "2014.10.31"]

1. d4 e6 2. Nf3 Nf6 3. c4 Bb4+ 4. Bd2 a5 5. Nc3 d6 6. e3 Nc6 7. Bd3 e5 8. d5
Ne7 9. e4 Ng6 10. O-O O-O 11. Rc1 Bg4 12. h3 Bd7 13. Ne2 Bc5 14. b3 Nh5 15. Kh1
f5 16. Ng3 Nxg3+ 17. fxg3 f4 18. g4 Nh4 19. Qe1 Nxf3 20. Rxf3 Rf6 21. g3 Rh6
22. Kg2 g5 23. Qe2 Qc8 24. Rh1 Rf6 25. gxf4 gxf4 26. Rff1 Rg6 27. Kh2 Qf8 28.
Qd1 Qg7 29. Be2 h5 30. Bc3 Rf8 31. Rhg1 Bxg1+ 32. Rxg1 hxg4 33. hxg4 Qf6 34.
Kg2 Rf7 35. Bf3 Rfg7 36. Kf1 b6 37. Be1 Rh7 38. Qe2 Qg7 39. Qg2 Rgh6 40. Qf2
Rh2 41. Rg2 Rxg2 42. Qxg2 Qg5 43. Bf2 Rg7 0-1

[Event "XXI Autunno Scacchitico Veneziano Magistrale"]
[Site "Venezia ITA"]
[Date "2014.11.01"]
[Round "3"]
[White "Sorbera, Giovanni"]
[Black "Barp, Alberto"]
[WhiteElo "2131"]
[BlackElo "2183"]
[Result "1-0"]
[PlyCount "65"]
[EventDate "2014.10.31"]

1. e4 e6 2. d4 d5 3. Nd2 Nf6 4. e5 Nfd7 5. Bd3 b6 6. f4 c5 7. c3 Ba6 8. Ndf3 g6
9. Ne2 Be7 10. O-O Bxd3 11. Qxd3 Nc6 12. g4 h5 13. h3 hxg4 14. hxg4 Qc7 15. Bd2
a6 16. Kg2 b5 17. Rh1 Rxh1 18. Rxh1 O-O-O 19. Rh7 Rf8 20. f5 gxf5 21. gxf5 cxd4
22. cxd4 Rg8+ 23. Kf1 Nf8 24. Rxf7 Nd8 25. Ba5 Qxa5 26. Rxe7 Nc6 27. Qc2 Qb6
28. f6 Kd8 29. Rg7 Rh8 30. Ng5 Ke8 31. Nf7 Rh2 32. Nd6+ Kd8 33. Rg8 1-0

[Event "XXI Autunno Scacchitico Veneziano Magistrale"]
[Site "Venezia ITA"]
[Date "2014.11.01"]
[Round "3"]
[White "Vianello, Enrico"]
[Black "Buzzatti, Francesco"]
[WhiteElo "2112"]
[BlackElo "1918"]
[Result "1-0"]
[PlyCount "85"]
[EventDate "2014.10.31"]

1. Nf3 d5 2. e3 Bg4 3. c4 e6 4. Qb3 Bxf3 5. Qxb7 Nd7 6. gxf3 Ngf6 7. Nc3 dxc4
8. Bxc4 Be7 9. Qb3 O-O 10. Qc2 c5 11. b3 Ne5 12. Be2 Nd5 13. Nxd5 exd5 14. Bb2
Bf6 15. f4 Nd7 16. Bf3 Bxb2 17. Qxb2 Nf6 18. O-O Rc8 19. Rac1 Qb6 20. Rc2 Rc6
21. Rfc1 Rfc8 22. d4 cxd4 23. Rxc6 Rxc6 24. Rxc6 Qxc6 25. Qxd4 a6 26. b4 h5 27.
Kg2 h4 28. h3 Qe6 29. a4 Qc6 30. a5 Qc4 31. Qxc4 dxc4 32. Kf1 Kf8 33. Ke1 Ke7
34. Kd2 Kd6 35. Kc3 Nd7 36. Bb7 Nb8 37. Kxc4 f6 38. b5 axb5+ 39. Kxb5 g5 40.
fxg5 fxg5 41. a6 Nxa6 42. Kxa6 Ke5 43. Bf3 1-0

[Event "XXI Autunno Scacchitico Veneziano Magistrale"]
[Site "Venezia ITA"]
[Date "2014.11.01"]
[Round "3"]
[White "Zamengo, Bruno"]
[Black "Fezza, Davide"]
[WhiteElo "2001"]
[BlackElo "2106"]
[Result "0-1"]
[PlyCount "72"]
[EventDate "2014.10.31"]

1. e4 c5 2. Nf3 e6 3. c4 Nc6 4. Nc3 a6 5. Be2 Nf6 6. O-O d6 7. d4 cxd4 8. Nxd4
Bd7 9. Be3 Be7 10. Qd2 Rc8 11. f3 Qc7 12. Rac1 Qb8 13. f4 O-O 14. Kh1 Rfd8 15.
Bd3 b5 16. cxb5 Nxd4 17. Bxd4 axb5 18. e5 Ng4 19. Qe2 dxe5 20. fxe5 h5 21. Qe4
g6 22. Qf4 f5 23. h3 g5 24. Qg3 Bc6 25. Ne2 h4 26. Qe1 Nxe5 27. Bxf5 exf5 28.
Rxf5 Bxg2+ 29. Kxg2 Qb7+ 30. Kg1 Nf3+ 31. Rxf3 Qxf3 32. Rxc8 Rxc8 33. Qb1 Qf7
34. Qe4 Rf8 35. Nf4 gxf4 36. Kf2 Bf6 0-1